| 000 | 00403nam a22001577a 4500 | ||
|---|---|---|---|
| 003 | OSt | ||
| 005 | 20220124105314.0 | ||
| 008 | 220124b |||||||| |||| 00| 0 eng d | ||
| 040 |
_aDDC _cHU |
||
| 082 |
_21ST _a616.9 _b1 |
||
| 100 |
_aESHUIS JAN _928425 |
||
| 245 | _aCOMMUNICABLE DISEASES | ||
| 250 | _a1ST | ||
| 260 |
_aNAIROBI _bAFRICAN MEDICAL AND RESEARCH FOUNDATION _c1978 |
||
| 942 |
_2ddc _cBOOKS _n0 |
||
| 999 |
_c27603 _d27603 |
||